Spiritual Sense: (Record no. 187535)

MARC details
000 -LEADER
fixed length control field 00612nam a22001937a 4500
005 - DATE AND TIME OF LATEST TRANSACTION
control field 20220422124048.0
010 ## - LCCN (DPL NO)
LC control number ENG-132351
020 ## - INTERNATIONAL STANDARD BOOK NUMBER
International Standard Book Number 9788192156101
Terms of availability 200.00
035 ## - SYSTEM CONTROL NUMBER
System control number EN-115883
037 ## - SOURCE OF ACQUISITION
Source of stock number/acquisition DBAD/PUB
082 ## - DEWEY DECIMAL CLASSIFICATION NUMBER
Classification number 181.4
100 ## - MAIN ENTRY--PERSONAL NAME
Personal name Bishnoi, Ajit Kumar
245 ## - TITLE STATEMENT
Title Spiritual Sense:
Remainder of title The Principles/
Statement of responsibility, etc Ajit kumar Bishnoi
250 ## - EDITION STATEMENT
Edition statement 1st Edition
260 ## - PUBLICATION, DISTRIBUTION, ETC. (IMPRINT)
Place of publication, distribution, etc New Delhi
Name of publisher, distributor, etc Narayana Publications
Date of publication, distribution, etc 2011
270 ## - ADDRESS
Address 14-E, Basant Lok, Vasant Vihar
City New Delhi
Postal code 110057
Electronic mail address info@socialpritualbooks.com
Telephone number 011-26143403
300 ## - PHYSICAL DESCRIPTION
Extent 222p.
Dimensions 22cm(pbk)
942 ## - ADDED ENTRY ELEMENTS (KOHA)
Source of classification or shelving scheme Dewey Decimal Classification
Item type English Books
Classification part 181.4
Call number suffix BIS
Holdings
Withdrawn status Lost status Not for loan Collection code Home library Current library Date acquired Source of acquisition Cost, normal purchase price Full call number Barcode Copy number Cost, replacement price Koha item type
      Non-fiction Patel Nagar Patel Nagar 22/04/2022 DBAD/PUB 200.00 181.4 BIS EN-115883 1 200.00 English Books

© Delhi Public Library
Hit Counter
free hit counter